000 00335nam a2200145Ia 4500
008 191201s2011 xx 000 0 und d
082 _a658.301
_bENG
100 _aGARG,Vinod
245 0 _aEnterprise Resource Planning
250 _a2nd
260 _aN. Delhi
_bPHI
_c2011
300 _a185
650 _aB.Tech(IT)
942 _2ddc
_cBK
999 _c4807
_d4807